Normal view
MARC view
Entry Topical Term
001 - CONTROL NUMBER
- control field: 14180
003 - CONTROL NUMBER IDENTIFIER
- control field: BD-RjUL
005 - DATE AND TIME OF LATEST TRANSACTION
- control field: 20241110102003.0
008 - FIXED-LENGTH DATA ELEMENTS
- fixed length control field: 241110|| aca||aabn | a|a d
040 ## - CATALOGING SOURCE
- Original cataloging agency: BD-RjUL
- Transcribing agency: BD-RjUL
150 ## - HEADING--TOPICAL TERM
- Topical term or geographic name entry element: Tumors
- Form subdivision: Cancer
670 ## - SOURCE DATA FOUND
- Source citation: Work cat.: (BD-RjUL)84267: Abbasi, M M Alamgir Siddique 14179, Oral Health and Knowledge of oral Care Among Cancer Patients During Radio or Chemotherapy /, 2022